London Underground stations - Statistics

General Stats
  • This quiz has been taken 2,538 times
    1,129 since last reset
  • The average score is 157 of 270
Answer Stats
Station name % Correct
Waterloo
86%
King's Cross St. Pancras
85%
Baker Street
83%
Bank
82%
Elephant & Castle
81%
Paddington
81%
Oxford Circus
80%
Edgware
78%
Euston
78%
Embankment
77%
Piccadilly Circus
77%
Victoria
77%
Charing Cross
76%
Green Park
76%
Tottenham Court Road
76%
West Ham
76%
Liverpool Street
75%
Bond Street
74%
Hammersmith
74%
Wimbledon
74%
Edgware Road
73%
South Kensington
73%
Westminster
73%
Aldgate
71%
London Bridge
71%
Angel
70%
Marble Arch
70%
Marylebone
70%
St. Paul's
70%
Stratford
70%
Ealing Broadway
69%
Farringdon
69%
High Street Kensington
69%
Regent's Park
69%
Ruislip
69%
Wembley Central
69%
Wembley Park
69%
Blackfriars
68%
East Ham
68%
Euston Square
68%
Richmond
68%
Vauxhall
68%
Aldgate East
67%
Brixton
67%
Canary Wharf
67%
Holborn
67%
Leicester Square
67%
North Wembley
67%
Notting Hill Gate
67%
Temple
67%
Clapham North
66%
Moorgate
66%
Oval
66%
St. James's Park
66%
Camden Town
65%
Clapham Common
65%
Earl's Court
65%
Kilburn
65%
Lancaster Gate
65%
Queen's Park
65%
Queensway
65%
Shepherd's Bush
65%
Southwark
65%
St. John's Wood
65%
Upminster
65%
Arsenal
64%
Canada Water
64%
Clapham South
64%
Kennington
64%
Kew Gardens
64%
Pimlico
64%
Queensbury
64%
Seven Sisters
64%
Barbican
63%
Bermondsey
63%
Cannon Street
63%
East Acton
63%
Harrow & Wealdstone
63%
Mile End
63%
Monument
63%
Morden
63%
Sloane Square
63%
South Wimbledon
63%
Tooting Bec
63%
Tower Hill
63%
Warwick Avenue
63%
West Acton
63%
Epping
62%
Hyde Park Corner
62%
Kingsbury
62%
Lambeth North
62%
Maida Vale
62%
North Acton
62%
Old Street
62%
Putney Bridge
62%
Barking
61%
Cockfosters
61%
Holland Park
61%
Kenton
61%
Uxbridge
61%
Whitechapel
61%
Acton Town
60%
Fulham Broadway
60%
Leyton
60%
Stockwell
60%
Swiss Cottage
60%
Tooting Broadway
60%
Tottenham Hale
60%
Gloucester Road
59%
Hounslow East
59%
Hounslow West
59%
Knightsbridge
59%
Mornington Crescent
59%
North Greenwich
59%
Royal Oak
59%
Southfields
59%
West Ruislip
59%
Willesden Junction
59%
Amersham
58%
Bayswater
58%
Borough
58%
Chalk Farm
58%
Covent Garden
58%
East Putney
58%
Gunnersbury
58%
Hounslow Central
58%
Kentish Town
58%
Leytonstone
58%
Mansion House
58%
Mill Hill East
58%
Walthamstow Central
58%
Warren Street
58%
Watford
58%
Dollis Hill
57%
Ealing Common
57%
Harrow-on-the-Hill
57%
Heathrow Terminal 4
57%
Highgate
57%
Ruislip Gardens
57%
South Ruislip
57%
Stonebridge Park
57%
Theydon Bois
57%
Upton Park
57%
West Hampstead
57%
White City
57%
Willesden Green
57%
Wimbledon Park
57%
Woodford
57%
Wood Lane
57%
Arnos Grove
56%
Chancery Lane
56%
Chesham
56%
Hampstead
56%
Heathrow Terminal 5
56%
Kensington Olympia
56%
Ruislip Manor
56%
Russell Square
56%
Shepherd's Bush Market
56%
Stanmore
56%
Upminster Bridge
56%
Burnt Oak
55%
Finchley Road
55%
High Barnet
55%
Kilburn Park
55%
Latimer Road
55%
Northolt
55%
Oakwood
55%
Perivale
55%
Pinner
55%
South Kenton
55%
Turnham Green
55%
Wood Green
55%
Chiswick Park
54%
East Finchley
54%
Great Portland Street
54%
Hornchurch
54%
North Harrow
54%
Osterley
54%
South Woodford
54%
West Kensington
54%
Archway
53%
Bow Road
53%
Croxley
53%
Dagenham East
53%
Elm Park
53%
Gants Hill
53%
Goodge Street
53%
Grange Hill
53%
Ickenham
53%
Ravenscourt Park
53%
Redbridge
53%
Barkingside
52%
Caledonian Road
52%
Canning Town
52%
Colindale
52%
Fairlop
52%
Northfields
52%
South Ealing
52%
West Harrow
52%
Balham
51%
Debden
51%
Northwood
51%
Plaistow
51%
Southgate
51%
South Harrow
51%
Upney
51%
West Finchley
51%
Barons Court
50%
Battersea Power Station
50%
Belsize Park
50%
Brent Cross
50%
Bromley-by-Bow
50%
Dagenham Heathway
50%
Finchley Central
50%
Greenford
50%
Hainault
50%
Harlesden
50%
Neasden
50%
Nine Elms
50%
Preston Road
50%
Wanstead
50%
Westbourne Park
50%
Alperton
49%
Canons Park
49%
Colliers Wood
49%
Finsbury Park
49%
Moor Park
49%
Newbury Park
49%
Park Royal
49%
Parsons Green
49%
West Brompton
49%
Boston Manor
47%
Loughton
47%
North Ealing
47%
Northwood Hills
47%
Rickmansworth
47%
Becontree
46%
Chorleywood
46%
Kensal Green
46%
Ladbroke Grove
46%
Manor House
46%
Stepney Green
46%
Chigwell
45%
Hatton Cross
45%
Roding Valley
45%
Woodside Park
45%
Eastcote
44%
Golders Green
44%
Hanger Lane
44%
Snaresbrook
43%
Stamford Brook
43%
Heathrow Terminals 2 & 3
42%
Bethnal Green
41%
Tufnell Park
41%
Bounds Green
40%
Hillingdon
40%
Sudbury Hill
40%
Sudbury Town
40%
Goldhawk Road
39%
Turnpike Lane
39%
Chalfont & Latimer
38%
Rayners Lane
38%
Blackhorse Road
37%
Buckhurst Hill
37%
Highbury & Islington
37%
Holloway Road
37%
Totteridge & Whetstone
37%
Northwick Park
35%
Hendon Central
33%
No matching quizzes found
Score Distribution
Percent of People with Each Score
Percentile by Number Answered
Your Score History
You have not taken this quiz since the last reset